MARC

LEADER 00000nam0a2200000 4500
001 34156
005 20231101210221.0
035 |a (RuTPU)RU\TPU\book\34535 
035 |a BOOK00001186 
090 |a 34156 
100 |a 20011210d1985 km y0rusy50 ca 
101 0 |a rus 
102 |a RU 
105 |a y g 000zy 
200 1 |a Справочник конструктора РЭА: компоненты, механизмы, надежность  |f под ред. Р. Г. Варламова 
210 |a Москва  |c Радио и связь  |d 1985 
215 |a 382 с. 
606 1 |a Радиоаппаратура  |x Конструкция и расчет  |2 stltpush  |3 (RuTPU)RU\TPU\subj\22462  |9 47213 
610 1 |a электронная техника 
610 1 |a материалы 
610 1 |a изделия 
610 1 |a электронные устройства 
610 1 |a компоненты 
610 1 |a механизмы 
610 1 |a надежность 
610 1 |a конструкции 
610 1 |a расчеты 
610 1 |a справочники 
675 |a 621.396.6.001.66(035)  |v 3 
702 1 |a Варламов  |b Р. Г.  |g Рем Геннадьевич  |4 340 
801 0 |a RU  |b 63413507  |c 20011210  |g PSBO 
801 2 |a RU  |b 63413507  |c 20211201  |g PSBO 
900 |a Технология материалов и изделий электронной техники 
900 |a Конструирование электронных устройств 
900 |a Конструкторско-технологическое обеспечение производства ЭВМ 
942 |c BK